Quiz sull' Asia - Statistics

Statistiche generali
  • Questo quiz è stato fatto 61 volte
  • Il punteggio medio è 10 su 15
Statistiche sulle risposte
Domanda Risposta % Corretto
Capitale del Giappone Tokyo
96%
Paesi più piccoli Cipro,Bahrein,Qatar...
94%
Paese più grande Russia
88%
Secondo paese più forte dell'Asia Cina
85%
Paesi con disegni interessanti sulle bandiere Bhutan
83%
Unica bandiera non rettangolare Nepal
81%
Paesi sotto la Cina Vietnam,Laos,Cambogia...
81%
Capitale dello Sri Lanka Sri Jayawardenapura Kotte
75%
Paese più grande in passato Impero Mongolo
67%
Continenti confinanti Europa, Africa e Oceania
63%
I più alleati Russia e Cina
60%
Dinastie più famose Dinastia Shang e Qing
54%
Isola più grande Indonesia
52%
Paesi vicini alla Malesia Singapore e Brunei
50%
Paese più ricco dell'Asia (PIL pro capite) Qatar
15%
Nessun quiz corrispondente trovato
Distribuzione punteggi
Percentuale di utenti per punteggio
Percentile per numero di risposta
I tuoi punteggi nel tempo
Non hai fatto questo quiz